[Event "DEM U12w 2024"]
[Site "Willingen GER"]
[Date "2024.05.22"]
[Round "6"]
[White "Stiehler, Mara"]
[Black "Ratushna, Olha"]
[Result "1-0"]
[Termination "normal"]
[Board "8"]
[WhiteElo "1739"]
[BlackElo "1602"]
[WhiteClock "00:36:17"]
[BlackClock "00:29:33"]
[PlyCount "93"]
[WhiteFideId "34621199"]
[BlackFideId "34172602"]
[EventCountry "GER"]
[EventRounds "9"]
[EventType "swiss"]
[EventDate "2024.05.18"]

1. e4 {[%clk 01:30:58]} {[%emt 00:00:01]} e5 {[%clk 01:30:52]} {[%emt
00:00:09]} 2. Nf3 {[%clk 01:31:21]} {[%emt 00:00:06]} Nc6 {[%clk 01:30:58]}
{[%emt 00:00:24]} 3. Bc4 {[%clk 01:31:45]} {[%emt 00:00:07]} Be7 {[%clk
01:31:19]} {[%emt 00:00:08]} 4. d3 {[%clk 01:31:58]} {[%emt 00:00:17]} Nf6
{[%clk 01:31:31]} {[%emt 00:00:18]} 5. Nc3 {[%clk 01:32:11]} {[%emt 00:00:17]}
O-O {[%clk 01:31:12]} {[%emt 00:00:48]} 6. a3 {[%clk 01:31:43]} {[%emt
00:00:59]} d6 {[%clk 01:31:21]} {[%emt 00:00:21]} 7. h3 {[%clk 01:31:31]}
{[%emt 00:00:42]} Be6 {[%clk 01:29:27]} {[%emt 00:02:23]} 8. Nd5 {[%clk
01:31:37]} {[%emt 00:00:25]} Na5 {[%clk 01:27:18]} {[%emt 00:02:38]} 9. Ba2
{[%clk 01:31:54]} {[%emt 00:00:14]} Nxd5 {[%clk 01:27:20]} {[%emt 00:00:29]}
10. exd5 {[%clk 01:32:06]} {[%emt 00:00:17]} Bd7 {[%clk 01:26:58]} {[%emt
00:00:51]} 11. b4 {[%clk 01:31:53]} {[%emt 00:00:45]} f5 {[%clk 01:23:14]}
{[%emt 00:04:14]} 12. bxa5 {[%clk 01:31:17]} {[%emt 00:01:06]} e4 {[%clk
01:19:31]} {[%emt 00:04:13]} 13. dxe4 {[%clk 01:30:00]} {[%emt 00:01:46]} fxe4
{[%clk 01:19:53]} {[%emt 00:00:08]} 14. Nd4 {[%clk 01:28:51]} {[%emt 00:01:39]}
Bh4 {[%clk 01:19:03]} {[%emt 00:01:20]} 15. g3 {[%clk 01:21:36]} {[%emt
00:07:46]} Bf6 {[%clk 01:18:27]} {[%emt 00:01:06]} 16. Ne6 {[%clk 01:19:29]}
{[%emt 00:02:36]} Bxe6 {[%clk 01:18:07]} {[%emt 00:00:52]} 17. dxe6 {[%clk
01:19:46]} {[%emt 00:00:13]} Kh8 {[%clk 01:18:16]} {[%emt 00:00:20]} 18. Rb1
{[%clk 01:19:39]} {[%emt 00:00:38]} c6 {[%clk 01:15:55]} {[%emt 00:02:51]} 19.
Qd2 {[%clk 01:14:39]} {[%emt 00:05:30]} h6 {[%clk 01:12:51]} {[%emt 00:03:35]}
20. Bb2 {[%clk 01:11:19]} {[%emt 00:03:49]} Bg5 {[%clk 01:11:24]} {[%emt
00:01:57]} 21. Qc3 {[%clk 01:08:33]} {[%emt 00:03:16]} Qe7 {[%clk 01:08:30]}
{[%emt 00:03:20]} 22. O-O {[%clk 01:04:14]} {[%emt 00:04:52]} Rf3 {[%clk
01:05:06]} {[%emt 00:03:54]} 23. Qb4 {[%clk 01:02:02]} {[%emt 00:02:44]} e3
{[%clk 00:54:36]} {[%emt 00:11:00]} 24. Qg4 {[%clk 00:55:03]} {[%emt 00:07:28]}
Raf8 {[%clk 00:48:02]} {[%emt 00:07:04]} 25. h4 {[%clk 00:49:28]} {[%emt
00:06:05]} exf2+ {[%clk 00:45:21]} {[%emt 00:03:11]} 26. Kg2 {[%clk 00:48:51]}
{[%emt 00:01:06]} Be3 {[%clk 00:43:22]} {[%emt 00:02:09]} 27. Bd4 {[%clk
00:45:56]} {[%emt 00:03:46]} Bxd4 {[%clk 00:41:10]} {[%emt 00:02:42]} 28. Qxd4
{[%clk 00:46:09]} {[%emt 00:00:16]} d5 {[%clk 00:41:18]} {[%emt 00:00:23]} 29.
Rb3 {[%clk 00:38:08]} {[%emt 00:08:28]} R3f6 {[%clk 00:32:49]} {[%emt
00:09:00]} 30. Re3 {[%clk 00:35:44]} {[%emt 00:02:55]} a6 {[%clk 00:29:36]}
{[%emt 00:03:43]} 31. c4 {[%clk 00:33:45]} {[%emt 00:02:30]} Rxe6 {[%clk
00:24:07]} {[%emt 00:05:59]} 32. Rxe6 {[%clk 00:33:46]} {[%emt 00:00:29]} Qxe6
{[%clk 00:24:32]} {[%emt 00:00:06]} 33. cxd5 {[%clk 00:33:39]} {[%emt
00:00:36]} cxd5 {[%clk 00:24:00]} {[%emt 00:01:02]} 34. Qxd5 {[%clk 00:31:09]}
{[%emt 00:03:01]} Qe2 {[%clk 00:22:49]} {[%emt 00:01:38]} 35. Bc4 {[%clk
00:29:36]} {[%emt 00:02:05]} Qc2 {[%clk 00:21:11]} {[%emt 00:02:06]} 36. Qd3
{[%clk 00:26:47]} {[%emt 00:03:22]} Qa4 {[%clk 00:20:33]} {[%emt 00:01:05]} 37.
Qd6 {[%clk 00:25:00]} {[%emt 00:02:19]} Qe8 {[%clk 00:17:05]} {[%emt 00:03:58]}
38. Bd5 {[%clk 00:22:51]} {[%emt 00:02:39]} Qc8 {[%clk 00:14:50]} {[%emt
00:02:38]} 39. Kh2 {[%clk 00:18:59]} {[%emt 00:04:30]} Rf6 {[%clk 00:11:41]}
{[%emt 00:03:39]} 40. Qb4 {[%clk 00:17:06]} {[%emt 00:02:23]} Qf5 {[%clk
00:05:42]} {[%emt 00:06:28]} 41. Qxb7 {[%clk 00:13:42]} {[%emt 00:03:56]} Rf8
{[%clk 00:04:33]} {[%emt 00:01:38]} 42. Be4 {[%clk 00:12:39]} {[%emt 00:01:33]}
Qxa5 {[%clk 00:01:28]} {[%emt 00:03:36]} 43. Qe7 {[%clk 00:10:55]} {[%emt
00:02:14]} Rd8 {[%clk 00:30:18]} {[%emt 00:01:40]} 44. Rxf2 {[%clk 00:40:13]}
{[%emt 00:01:12]} Rg8 {[%clk 00:29:40]} {[%emt 00:01:07]} 45. Rf8 {[%clk
00:39:15]} {[%emt 00:01:29]} Qd2+ {[%clk 00:29:28]} {[%emt 00:00:42]} 46. Kh3
{[%clk 00:39:01]} {[%emt 00:00:43]} Qa2 {[%clk 00:29:33]} {[%emt 00:00:25]} 47.
Bf5 {[%clk 00:36:17]} {[%emt 00:03:15]} 1-0

[Event "DEM U12w 2024"]
[Site "Willingen GER"]
[Date "2024.05.22"]
[Round "6"]
[White "Krannich, Eva"]
[Black "Fruth, Julia"]
[Result "0-1"]
[Termination "normal"]
[Board "9"]
[WhiteElo "1176"]
[BlackElo "1641"]
[WhiteClock "01:17:01"]
[BlackClock "00:37:03"]
[PlyCount "62"]
[WhiteFideId "34639713"]
[BlackFideId "34603050"]
[EventCountry "GER"]
[EventRounds "9"]
[EventType "swiss"]
[EventDate "2024.05.18"]

1. f4 {[%clk 01:30:58]} {[%emt 00:00:01]} c5 {[%clk 01:30:51]} {[%emt
00:00:09]} 2. Nf3 {[%clk 01:31:21]} {[%emt 00:00:07]} d6 {[%clk 01:31:10]}
{[%emt 00:00:12]} 3. e3 {[%clk 01:31:35]} {[%emt 00:00:15]} Nf6 {[%clk
01:30:59]} {[%emt 00:00:40]} 4. d4 {[%clk 01:31:21]} {[%emt 00:00:45]} Bf5
{[%clk 01:31:06]} {[%emt 00:00:23]} 5. c3 {[%clk 01:31:25]} {[%emt 00:00:27]}
Nbd7 {[%clk 01:31:25]} {[%emt 00:00:10]} 6. Be2 {[%clk 01:31:35]} {[%emt
00:00:20]} e6 {[%clk 01:31:38]} {[%emt 00:00:16]} 7. O-O {[%clk 01:31:48]}
{[%emt 00:00:18]} Be7 {[%clk 01:32:00]} {[%emt 00:00:08]} 8. Qe1 {[%clk
01:31:22]} {[%emt 00:00:56]} O-O {[%clk 01:31:51]} {[%emt 00:00:38]} 9. h3
{[%clk 01:30:27]} {[%emt 00:01:26]} Qc7 {[%clk 01:29:55]} {[%emt 00:02:26]} 10.
Nbd2 {[%clk 01:28:12]} {[%emt 00:02:46]} a6 {[%clk 01:27:49]} {[%emt 00:02:36]}
11. g4 {[%clk 01:26:36]} {[%emt 00:02:06]} Bg6 {[%clk 01:24:24]} {[%emt
00:03:53]} 12. g5 {[%clk 01:25:55]} {[%emt 00:01:13]} Nd5 {[%clk 01:10:32]}
{[%emt 00:14:21]} 13. Qf2 {[%clk 01:23:07]} {[%emt 00:03:18]} b5 {[%clk
01:08:55]} {[%emt 00:02:06]} 14. h4 {[%clk 01:22:25]} {[%emt 00:01:13]} f6
{[%clk 01:02:29]} {[%emt 00:06:55]} 15. Nh2 {[%clk 01:19:11]} {[%emt 00:03:44]}
fxg5 {[%clk 00:59:33]} {[%emt 00:03:25]} 16. hxg5 {[%clk 01:19:35]} {[%emt
00:00:07]} Bxg5 {[%clk 00:57:31]} {[%emt 00:02:31]} 17. Qg2 {[%clk 01:19:15]}
{[%emt 00:00:51]} Be7 {[%clk 00:53:29]} {[%emt 00:04:30]} 18. Kh1 {[%clk
01:18:56]} {[%emt 00:00:51]} Nxe3 {[%clk 00:53:10]} {[%emt 00:00:49]} 19. Qh3
{[%clk 01:18:41]} {[%emt 00:00:45]} Nxf1 {[%clk 00:45:10]} {[%emt 00:08:30]}
20. Qxe6+ {[%clk 01:19:02]} {[%emt 00:00:10]} Bf7 {[%clk 00:43:44]} {[%emt
00:01:55]} 21. Qh3 {[%clk 01:19:05]} {[%emt 00:00:28]} Nxh2 {[%clk 00:42:34]}
{[%emt 00:01:38]} 22. Qxh2 {[%clk 01:19:29]} {[%emt 00:00:07]} Bd5+ {[%clk
00:42:10]} {[%emt 00:00:53]} 23. Bf3 {[%clk 01:19:22]} {[%emt 00:00:38]} Qc6
{[%clk 00:41:41]} {[%emt 00:00:59]} 24. Qh3 {[%clk 01:18:44]} {[%emt 00:01:08]}
Rxf4 {[%emt 00:02:32]} 25. Bxd5+ {[%clk 01:18:13]} {[%emt 00:00:58]} Qxd5+
{[%clk 00:39:41]} {[%emt 00:00:31]} 26. Kh2 {[%clk 01:17:05]} {[%emt 00:01:39]}
Rh4 {[%clk 00:39:40]} {[%emt 00:00:29]} 27. Nf1 {[%clk 01:15:32]} {[%emt
00:02:04]} Rxh3+ {[%clk 00:39:25]} {[%emt 00:00:45]} 28. Kxh3 {[%clk 01:15:59]}
{[%emt 00:00:04]} Qh1+ {[%clk 00:38:47]} {[%emt 00:01:08]} 29. Kg3 {[%clk
01:16:19]} {[%emt 00:00:10]} Bh4+ {[%clk 00:36:45]} {[%emt 00:02:31]} 30. Kg4
{[%clk 01:16:35]} {[%emt 00:00:15]} Nf6+ {[%clk 00:36:48]} {[%emt 00:00:25]}
31. Kf5 {[%clk 01:17:01]} {[%emt 00:00:06]} Qe4# {[%clk 00:37:03]} {[%emt
00:00:15]} 0-1

[Event "DEM U12w 2024"]
[Site "Willingen GER"]
[Date "2024.05.22"]
[Round "6"]
[White "Yang, Sophie"]
[Black "Busch, Lara Sophie"]
[Result "0-1"]
[Termination "normal"]
[Board "10"]
[WhiteElo "1543"]
[BlackElo "1585"]
[WhiteClock "00:46:23"]
[BlackClock "00:42:45"]
[PlyCount "134"]
[WhiteFideId "16279174"]
[BlackFideId "34664866"]
[EventCountry "GER"]
[EventRounds "9"]
[EventType "swiss"]
[EventDate "2024.05.18"]

1. d4 {[%clk 01:30:58]} {[%emt 00:00:01]} d5 {[%clk 01:30:51]} {[%emt
00:00:10]} 2. c4 {[%clk 01:31:24]} {[%emt 00:00:04]} e6 {[%clk 01:31:13]}
{[%emt 00:00:08]} 3. Nc3 {[%clk 01:31:45]} {[%emt 00:00:09]} Nf6 {[%clk
01:31:27]} {[%emt 00:00:16]} 4. cxd5 {[%clk 01:32:07]} {[%emt 00:00:08]} exd5
{[%clk 01:31:40]} {[%emt 00:00:17]} 5. Bg5 {[%clk 01:32:32]} {[%emt 00:00:06]}
Be7 {[%clk 01:29:59]} {[%emt 00:02:10]} 6. Nf3 {[%clk 01:32:52]} {[%emt
00:00:10]} Nc6 {[%clk 01:29:04]} {[%emt 00:01:25]} 7. e3 {[%clk 01:33:07]}
{[%emt 00:00:15]} O-O {[%clk 01:27:20]} {[%emt 00:02:14]} 8. Bd3 {[%clk
01:33:15]} {[%emt 00:00:18]} h6 {[%clk 01:27:21]} {[%emt 00:00:32]} 9. Bh4
{[%clk 01:33:31]} {[%emt 00:00:13]} Re8 {[%clk 01:21:57]} {[%emt 00:05:55]} 10.
O-O {[%clk 01:33:21]} {[%emt 00:00:39]} Bg4 {[%clk 01:19:55]} {[%emt 00:02:32]}
11. Bg3 {[%clk 01:32:14]} {[%emt 00:01:37]} Bd6 {[%clk 01:18:56]} {[%emt
00:01:29]} 12. Bxd6 {[%clk 01:30:01]} {[%emt 00:02:42]} Qxd6 {[%clk 01:18:55]}
{[%emt 00:00:31]} 13. Be2 {[%clk 01:28:56]} {[%emt 00:01:34]} a6 {[%clk
01:16:01]} {[%emt 00:03:26]} 14. a3 {[%clk 01:28:20]} {[%emt 00:01:06]} Rad8
{[%clk 01:12:22]} {[%emt 00:04:09]} 15. h3 {[%clk 01:26:32]} {[%emt 00:02:17]}
Bh5 {[%clk 01:11:24]} {[%emt 00:01:27]} 16. Nd2 {[%clk 01:26:48]} {[%emt
00:00:14]} Bg6 {[%clk 01:09:11]} {[%emt 00:02:43]} 17. b4 {[%clk 01:22:34]}
{[%emt 00:04:42]} b5 {[%clk 01:07:15]} {[%emt 00:02:28]} 18. Nb3 {[%clk
01:20:53]} {[%emt 00:02:09]} Nd7 {[%clk 01:06:26]} {[%emt 00:01:21]} 19. Nc5
{[%clk 01:15:40]} {[%emt 00:05:43]} Nxc5 {[%clk 01:06:13]} {[%emt 00:00:44]}
20. dxc5 {[%clk 01:15:19]} {[%emt 00:00:51]} Qe5 {[%clk 01:04:37]} {[%emt
00:02:04]} 21. Qd2 {[%clk 01:15:15]} {[%emt 00:00:32]} d4 {[%clk 01:04:00]}
{[%emt 00:01:10]} 22. Na2 {[%clk 01:01:03]} {[%emt 00:14:40]} dxe3 {[%clk
01:02:56]} {[%emt 00:01:36]} 23. Qxe3 {[%clk 00:59:42]} {[%emt 00:01:51]} Qxe3
{[%clk 01:02:46]} {[%emt 00:00:41]} 24. fxe3 {[%clk 01:00:06]} {[%emt
00:00:06]} Rxe3 {[%clk 01:02:27]} {[%emt 00:00:49]} 25. Nc1 {[%clk 00:56:53]}
{[%emt 00:03:41]} Nd4 {[%clk 00:58:04]} {[%emt 00:04:54]} 26. Bd1 {[%clk
00:55:25]} {[%emt 00:01:56]} Nc2 {[%clk 00:55:39]} {[%emt 00:02:53]} 27. Bxc2
{[%clk 00:54:30]} {[%emt 00:01:30]} Bxc2 {[%clk 00:55:52]} {[%emt 00:00:17]}
28. Ra2 {[%clk 00:53:20]} {[%emt 00:01:38]} Bb3 {[%clk 00:52:36]} {[%emt
00:03:39]} 29. Nxb3 {[%clk 00:51:38]} {[%emt 00:02:21]} Rxb3 {[%clk 00:52:54]}
{[%emt 00:00:11]} 30. Raf2 {[%clk 00:51:37]} {[%emt 00:00:31]} f6 {[%clk
00:52:55]} {[%emt 00:00:29]} 31. Rf3 {[%clk 00:51:40]} {[%emt 00:00:26]} Rdd3
{[%clk 00:52:16]} {[%emt 00:01:07]} 32. Rxd3 {[%clk 00:51:47]} {[%emt
00:00:26]} Rxd3 {[%clk 00:52:36]} {[%emt 00:00:10]} 33. a4 {[%clk 00:45:34]}
{[%emt 00:06:41]} bxa4 {[%clk 00:49:59]} {[%emt 00:03:10]} 34. Ra1 {[%clk
00:45:02]} {[%emt 00:01:02]} a3 {[%clk 00:50:20]} {[%emt 00:00:09]} 35. Kf2
{[%clk 00:45:17]} {[%emt 00:00:13]} Rb3 {[%clk 00:50:30]} {[%emt 00:00:20]} 36.
c6 {[%clk 00:44:19]} {[%emt 00:01:29]} Rc3 {[%clk 00:48:59]} {[%emt 00:01:56]}
37. Ke2 {[%clk 00:44:23]} {[%emt 00:00:30]} Rxc6 {[%clk 00:48:35]} {[%emt
00:00:56]} 38. Rxa3 {[%clk 00:44:47]} {[%emt 00:00:06]} Rb6 {[%clk 00:47:19]}
{[%emt 00:01:44]} 39. Kf3 {[%clk 00:43:00]} {[%emt 00:02:19]} Rxb4 {[%clk
00:46:24]} {[%emt 00:01:24]} 40. Rxa6 {[%clk 00:42:17]} {[%emt 00:01:14]} Rc4
{[%clk 00:45:28]} {[%emt 00:01:26]} 41. Ra8+ {[%clk 00:42:40]} {[%emt
00:00:07]} Kf7 {[%clk 00:45:37]} {[%emt 00:00:19]} 42. Rc8 {[%clk 00:43:04]}
{[%emt 00:00:07]} Kg6 {[%clk 00:45:05]} {[%emt 00:01:02]} 43. Kg3 {[%clk
00:43:10]} {[%emt 00:00:23]} Kg5 {[%clk 00:44:18]} {[%emt 00:01:13]} 44. Rg8
{[%clk 00:42:47]} {[%emt 00:00:57]} g6 {[%clk 00:44:09]} {[%emt 00:00:39]} 45.
Rd8 {[%clk 00:42:52]} {[%emt 00:00:23]} f5 {[%clk 00:43:21]} {[%emt 00:01:20]}
46. Kh2 {[%clk 00:42:38]} {[%emt 00:00:44]} h5 {[%clk 00:42:48]} {[%emt
00:01:03]} 47. Kh1 {[%clk 00:41:34]} {[%emt 00:01:34]} Kf4 {[%clk 00:42:10]}
{[%emt 00:01:06]} 48. Rd1 {[%clk 00:41:46]} {[%emt 00:00:18]} c5 {[%clk
00:41:57]} {[%emt 00:00:46]} 49. Rd6 {[%clk 00:41:51]} {[%emt 00:00:25]} g5
{[%clk 00:42:03]} {[%emt 00:00:23]} 50. Kh2 {[%clk 00:41:44]} {[%emt 00:00:36]}
h4 {[%clk 00:41:32]} {[%emt 00:01:03]} 51. Rd1 {[%clk 00:42:01]} {[%emt
00:00:13]} Rc3 {[%clk 00:40:28]} {[%emt 00:01:34]} 52. Rf1+ {[%clk 00:42:19]}
{[%emt 00:00:11]} Ke4 {[%clk 00:40:39]} {[%emt 00:00:18]} 53. Re1+ {[%clk
00:42:36]} {[%emt 00:00:15]} Re3 {[%clk 00:40:54]} {[%emt 00:00:15]} 54. Rc1
{[%clk 00:42:57]} {[%emt 00:00:06]} Kd4 {[%clk 00:41:08]} {[%emt 00:00:19]} 55.
Rd1+ {[%clk 00:43:13]} {[%emt 00:00:14]} Rd3 {[%clk 00:41:22]} {[%emt
00:00:16]} 56. Rf1 {[%clk 00:43:37]} {[%emt 00:00:06]} c4 {[%clk 00:41:18]}
{[%emt 00:00:34]} 57. Rxf5 {[%clk 00:44:02]} {[%emt 00:00:05]} c3 {[%clk
00:41:31]} {[%emt 00:00:17]} 58. Rf8 {[%clk 00:44:18]} {[%emt 00:00:14]} c2
{[%clk 00:41:47]} {[%emt 00:00:13]} 59. Rd8+ {[%clk 00:44:44]} {[%emt
00:00:06]} Kc3 {[%clk 00:41:36]} {[%emt 00:00:40]} 60. Rc8+ {[%clk 00:45:09]}
{[%emt 00:00:06]} Kd2 {[%clk 00:41:47]} {[%emt 00:00:17]} 61. Rxc2+ {[%clk
00:44:18]} {[%emt 00:01:23]} Kxc2 {[%clk 00:42:07]} {[%emt 00:00:10]} 62. Kh1
{[%clk 00:44:44]} {[%emt 00:00:04]} Kd2 {[%clk 00:42:10]} {[%emt 00:00:27]} 63.
Kh2 {[%clk 00:45:07]} {[%emt 00:00:07]} Ke2 {[%clk 00:42:21]} {[%emt 00:00:17]}
64. Kh1 {[%clk 00:45:26]} {[%emt 00:00:13]} Kf2 {[%clk 00:42:07]} {[%emt
00:00:44]} 65. Kh2 {[%clk 00:45:48]} {[%emt 00:00:07]} Rd2 {[%clk 00:42:05]}
{[%emt 00:00:32]} 66. g3 {[%clk 00:46:02]} {[%emt 00:00:17]} hxg3 {[%clk
00:42:24]} {[%emt 00:00:11]} 67. Kh1 {[%clk 00:46:23]} {[%emt 00:00:08]} Rd1+
{[%clk 00:42:45]} {[%emt 00:00:10]} 0-1

[Event "DEM U12w 2024"]
[Site "Willingen GER"]
[Date "2024.05.22"]
[Round "6"]
[White "Klymenko, Mariia"]
[Black "Tischlinger, Lara"]
[Result "0-1"]
[Termination "normal"]
[Board "11"]
[WhiteElo "1438"]
[BlackElo "1584"]
[WhiteClock "00:22:05"]
[BlackClock "00:06:48"]
[PlyCount "104"]
[WhiteFideId "34620621"]
[BlackFideId "34663401"]
[EventCountry "GER"]
[EventRounds "9"]
[EventType "swiss"]
[EventDate "2024.05.18"]

1. d4 {[%clk 01:30:59]} d5 {[%clk 01:30:53]} {[%emt 00:00:07]} 2. Nf3 {[%clk
01:31:23]} {[%emt 00:00:05]} Nf6 {[%clk 01:31:16]} {[%emt 00:00:07]} 3. e3
{[%clk 01:31:48]} {[%emt 00:00:05]} e6 {[%clk 01:31:38]} {[%emt 00:00:07]} 4.
Bd3 {[%clk 01:32:13]} {[%emt 00:00:05]} Bd6 {[%clk 01:31:49]} {[%emt 00:00:19]}
5. Nbd2 {[%clk 01:32:31]} {[%emt 00:00:13]} O-O {[%clk 01:31:49]} {[%emt
00:00:30]} 6. b3 {[%clk 01:32:52]} {[%emt 00:00:09]} b6 {[%clk 01:31:56]}
{[%emt 00:00:22]} 7. Bb2 {[%clk 01:33:07]} {[%emt 00:00:15]} Bb7 {[%clk
01:32:19]} {[%emt 00:00:08]} 8. O-O {[%clk 01:33:24]} {[%emt 00:00:13]} Nbd7
{[%clk 01:31:57]} {[%emt 00:00:52]} 9. Ne5 {[%clk 01:33:20]} {[%emt 00:00:32]}
c5 {[%clk 01:30:46]} {[%emt 00:01:42]} 10. f4 {[%clk 01:33:00]} {[%emt
00:00:51]} Ne4 {[%clk 01:26:05]} {[%emt 00:05:11]} 11. Nxe4 {[%clk 01:29:27]}
{[%emt 00:04:02]} dxe4 {[%clk 01:25:57]} {[%emt 00:00:38]} 12. Bb5 {[%clk
01:28:38]} {[%emt 00:01:20]} Nf6 {[%clk 01:21:08]} {[%emt 00:05:16]} 13. Bc6
{[%clk 01:13:38]} {[%emt 00:15:17]} Bxc6 {[%clk 01:13:39]} {[%emt 00:08:14]}
14. Nxc6 {[%clk 01:13:59]} {[%emt 00:00:09]} Qc7 {[%clk 01:13:15]} {[%emt
00:00:52]} 15. Ne5 {[%clk 01:13:20]} {[%emt 00:01:09]} Rac8 {[%clk 01:03:10]}
{[%emt 00:10:37]} 16. Ng4 {[%clk 01:10:54]} {[%emt 00:02:49]} Nxg4 {[%clk
00:58:00]} {[%emt 00:05:47]} 17. Qxg4 {[%clk 01:11:01]} {[%emt 00:00:23]} f5
{[%clk 00:58:07]} {[%emt 00:00:23]} 18. Qd1 {[%clk 01:08:39]} {[%emt 00:02:45]}
cxd4 {[%emt 00:22:11]} 19. Bxd4 {[%clk 00:57:16]} {[%emt 00:00:26]} Qxc2 {[%clk
00:45:39]} {[%emt 00:02:51]} 20. Bxb6 {[%clk 00:56:35]} {[%emt 00:01:12]} axb6
{[%clk 00:36:30]} {[%emt 00:09:39]} 21. Qxd6 {[%clk 00:56:42]} {[%emt
00:00:23]} Rc6 {[%clk 00:28:09]} {[%emt 00:08:51]} 22. Qd1 {[%clk 00:53:03]}
{[%emt 00:03:59]} Rfc8 {[%clk 00:21:19]} {[%emt 00:07:31]} 23. Qxc2 {[%clk
00:49:05]} {[%emt 00:04:27]} Rxc2 {[%clk 00:21:36]} {[%emt 00:00:14]} 24. Rf2
{[%clk 00:48:24]} {[%emt 00:01:09]} Kf7 {[%clk 00:15:24]} {[%emt 00:06:43]} 25.
Rxc2 {[%clk 00:42:51]} {[%emt 00:06:04]} Rxc2 {[%clk 00:15:46]} {[%emt
00:00:07]} 26. b4 {[%clk 00:41:27]} {[%emt 00:01:55]} Ke7 {[%clk 00:09:55]}
{[%emt 00:06:20]} 27. a4 {[%clk 00:40:15]} {[%emt 00:01:44]} Kd7 {[%clk
00:06:07]} {[%emt 00:04:18]} 28. a5 {[%clk 00:38:28]} {[%emt 00:02:17]} bxa5
{[%clk 00:05:41]} {[%emt 00:00:55]} 29. bxa5 {[%clk 00:38:38]} {[%emt
00:00:21]} Kc7 {[%clk 00:04:25]} {[%emt 00:01:45]} 30. Ra3 {[%clk 00:35:17]}
{[%emt 00:03:50]} g6 {[%clk 00:03:15]} {[%emt 00:01:41]} 31. g3 {[%clk
00:34:06]} {[%emt 00:01:41]} Kb7 {[%clk 00:01:35]} {[%emt 00:02:12]} 32. a6+
{[%clk 00:30:41]} {[%emt 00:03:55]} Ka7 {[%clk 00:01:54]} {[%emt 00:00:11]} 33.
h3 {[%clk 00:29:57]} {[%emt 00:01:14]} Rc6 {[%clk 00:01:47]} {[%emt 00:00:37]}
34. Kf1 {[%clk 00:29:38]} {[%emt 00:00:47]} Rxa6 {[%clk 00:02:11]} {[%emt
00:00:08]} 35. Rxa6+ {[%clk 00:30:01]} {[%emt 00:00:07]} Kxa6 {[%clk 00:02:38]}
{[%emt 00:00:03]} 36. Ke2 {[%clk 00:29:37]} {[%emt 00:00:54]} Kb6 {[%clk
00:03:03]} {[%emt 00:00:07]} 37. Kd2 {[%clk 00:29:24]} {[%emt 00:00:42]} Kc6
{[%clk 00:03:28]} {[%emt 00:00:05]} 38. Kc2 {[%clk 00:29:08]} {[%emt 00:00:45]}
Kd5 {[%clk 00:03:48]} {[%emt 00:00:09]} 39. Kb3 {[%clk 00:28:53]} {[%emt
00:00:46]} e5 {[%clk 00:03:50]} {[%emt 00:00:29]} 40. h4 {[%clk 00:27:12]}
{[%emt 00:02:10]} h6 {[%clk 00:03:47]} {[%emt 00:00:32]} 41. Kb4 {[%clk
00:26:24]} {[%emt 00:01:20]} exf4 {[%clk 00:04:03]} {[%emt 00:00:14]} 42. gxf4
{[%clk 00:26:45]} {[%emt 00:00:09]} Ke6 {[%clk 00:04:02]} {[%emt 00:00:30]} 43.
Kc5 {[%clk 00:26:44]} {[%emt 00:00:25]} Kf6 {[%clk 00:03:52]} {[%emt 00:00:47]}
44. Kd5 {[%clk 00:26:27]} {[%emt 00:00:45]} g5 {[%clk 00:04:09]} {[%emt
00:00:14]} 45. fxg5+ {[%clk 00:26:30]} {[%emt 00:00:28]} hxg5 {[%clk 00:04:26]}
{[%emt 00:00:13]} 46. hxg5+ {[%clk 00:26:22]} {[%emt 00:00:38]} Kxg5 {[%clk
00:04:50]} {[%emt 00:00:06]} 47. Kd4 {[%clk 00:22:23]} {[%emt 00:04:29]} Kg4
{[%clk 00:05:06]} {[%emt 00:00:13]} 48. Kc3 {[%clk 00:21:24]} {[%emt 00:01:31]}
Kf3 {[%clk 00:05:21]} {[%emt 00:00:14]} 49. Kd2 {[%clk 00:21:14]} {[%emt
00:00:40]} Kf2 {[%clk 00:05:39]} {[%emt 00:00:12]} 50. Kd1 {[%clk 00:21:31]}
{[%emt 00:00:13]} Kxe3 {[%clk 00:06:03]} {[%emt 00:00:06]} 51. Ke1 {[%clk
00:21:54]} {[%emt 00:00:07]} f4 {[%clk 00:06:26]} {[%emt 00:00:07]} 52. Kf1
{[%clk 00:22:05]} {[%emt 00:00:19]} Kd2 {[%clk 00:06:48]} {[%emt 00:00:07]} 0-1